Differential equations with boundary-value problems / (Record no. 600710)

000 -LEADER
fixed length control field 00436nam a2200133Ia 4500
008 - FIXED-LENGTH DATA ELEMENTS--GENERAL INFORMATION
fixed length control field 230907s9999||||xx |||||||||||||| ||und||
082 ## - DEWEY DECIMAL CLASSIFICATION NUMBER
Classification number 515.35
Author Mark ZIL
100 ## - MAIN ENTRY--PERSONAL NAME
Personal name Zill, Dennis G.,
9 (RLIN) 1266
245 #0 - TITLE STATEMENT
Title Differential equations with boundary-value problems /
260 ## - PUBLICATION, DISTRIBUTION, ETC.
Place of publication, distribution, etc. Brooks/Cole, Cengage Learning,
Name of publisher, distributor, etc. Boston, MA :
Date of publication, distribution, etc. 2013
300 ## - PHYSICAL DESCRIPTION
Extent xv, P-28, 549, APP-23, ANS-32, I-11 p. :
650 ## - SUBJECT ADDED ENTRY--TOPICAL TERM
Topical term or geographic name entry element Textbooks. Textbooks.
9 (RLIN) 115440
942 ## - ADDED ENTRY ELEMENTS (KOHA)
Koha item type Book
Holdings
Withdrawn status Lost status Damaged status Not for loan Permanent Location Current Location Date acquired Total Checkouts Full call number Barcode Date last seen Price effective from Koha item type
        US-Pakistan Center for Advanced Studies in Energy (USPCAS-E) US-Pakistan Center for Advanced Studies in Energy (USPCAS-E) 11/04/2019   515.35 ZIL CAS-E0004809 09/12/2023 09/12/2023 Book
© 2023 Central Library, National University of Sciences and Technology. All Rights Reserved.